[Event "POL-chT 2nd League"]
[Site "Jastrzebia Gora"]
[Date "2022.09.09"]
[Round "7.112"]
[White "Kalkowski, Igor"]
[Black "Gorniewicz, Oskar"]
[Result "1-0"]
[WhiteElo "1893"]
[BlackElo "1911"]
[PlyCount "91"]
[EventDate "2022.09.03"]
[EventType "team-swiss"]
[EventRounds "9"]
[EventCountry "POL"]
[SourceTitle "CBM 210 Extra"]
[Source "ChessBase"]
[SourceDate "2022.11.30"]
[SourceVersion "1"]
[SourceVersionDate "2022.11.30"]
[SourceQuality "1"]
[WhiteTeam "Gornik Ledziny"]
[BlackTeam "Torun UMK"]
[WhiteTeamCountry "POL"]
[BlackTeamCountry "POL"]

1. e4 c6 2. c4 d5 3. exd5 cxd5 4. d4 Nf6 5. Nc3 Nc6 6. Nf3 Bg4 7. cxd5 Nxd5 8. Qb3 Bxf3 9. gxf3 Nb6 10. d5 Nd4 11. Qd1 e5 12. dxe6 Nxe6 13. Bb5+ Nd7 14. Be3 a6 15. Bb6 Qe7 16. Nd5 Qd6 17. Ba4 Rc8 18. 0-0 Rc6 19. Re1 Nxb6 20. Nxb6 Qxd1 21. Raxd1 Bc5 22. Bxc6+ bxc6 23. Nd7 Be7 24. Nb8 0-0 25. Nxc6 Bf6 26. b3 Rc8 27. Rc1 Kf8 28. Nd4 Rd8 29. Nxe6+ fxe6 30. Rxe6 a5 31. Ra6 Rd2 32. Rxa5 Bd4 33. Rf1 Rb2 34. Rd5 Bb6 35. Rb5 Bd4 36. a4 Kf7 37. a5 Ra2 38. b4 Kf6 39. Kg2 h6 40. f4 Ke6 41. Rd1 Bxf2 42. Kf3 Bh4 43. Rb6+ Ke7 44. a6 Ra3+ 45. Kg4 Bf6 46. Kf5 1-0

[Event "POL-chT 2nd League"]
[Site "Jastrzebia Gora"]
[Date "2022.09.06"]
[Round "4.117"]
[White "Kalkowski, Igor"]
[Black "Bienias, Piotr"]
[Result "1-0"]
[WhiteElo "1893"]
[BlackElo "1957"]
[PlyCount "105"]
[EventDate "2022.09.03"]
[EventType "team-swiss"]
[EventRounds "9"]
[EventCountry "POL"]
[SourceTitle "CBM 210 Extra"]
[Source "ChessBase"]
[SourceDate "2022.11.30"]
[SourceVersion "1"]
[SourceVersionDate "2022.11.30"]
[SourceQuality "1"]
[WhiteTeam "Gornik Ledziny"]
[BlackTeam "Wroclaw Hetman"]
[WhiteTeamCountry "POL"]
[BlackTeamCountry "POL"]

1. e4 c6 2. Nf3 d5 3. exd5 cxd5 4. d4 Nf6 5. c3 a6 6. Bf4 Bg4 7. Qb3 Qc8 8. Nbd2 Bxf3 9. Nxf3 Nc6 10. Bd3 e6 11. 0-0 Be7 12. h3 0-0 13. a4 Na5 14. Qc2 b6 15. Ne5 Nc4 16. b3 Nd6 17. c4 Nf5 18. Bxf5 exf5 19. a5 dxc4 20. bxc4 b5 21. Rfc1 bxc4 22. Nxc4 Nd5 23. Be5 Rd8 24. Nb6 Qxc2 25. Rxc2 Ra7 26. Rac1 f6 27. Rc8 Kf7 28. Rxd8 Bxd8 29. Nxd5 fxe5 30. dxe5 Bxa5 31. Rc6 Bd8 32. e6+ Ke8 33. Rc8 Rb7 34. e7 Rxe7 35. Nxe7 Kxe7 36. Ra8 a5 37. Ra7+ Kf6 38. Kf1 h5 39. f4 h4 40. Ke2 Kg6 41. Kd3 Kh7 42. Rd7 Bb6 43. Rb7 Bd8 44. Kc4 a4 45. Kd5 Kh6 46. Ke6 Kg6 47. Ra7 Bb6 48. Ra6 Be3 49. Ke5+ Kh5 50. Kxf5 Bd4 51. Rxa4 Be3 52. Ke6 g6 53. Ra7 1-0

[Event "POL-chT 2nd League"]
[Site "Jastrzebia Gora"]
[Date "2022.09.05"]
[Round "3.129"]
[White "Matul, Sebastian"]
[Black "Kalkowski, Igor"]
[Result "0-1"]
[WhiteElo "1773"]
[BlackElo "1893"]
[PlyCount "56"]
[EventDate "2022.09.03"]
[EventType "team-swiss"]
[EventRounds "9"]
[EventCountry "POL"]
[SourceTitle "CBM 210 Extra"]
[Source "ChessBase"]
[SourceDate "2022.11.30"]
[SourceVersion "1"]
[SourceVersionDate "2022.11.30"]
[SourceQuality "1"]
[WhiteTeam "Choszczno Skoczek"]
[BlackTeam "Gornik Ledziny"]
[WhiteTeamCountry "POL"]
[BlackTeamCountry "POL"]

1. d4 g6 2. Nf3 Bg7 3. g3 Nf6 4. Bg2 0-0 5. 0-0 d6 6. c4 c6 7. Nc3 Bf5 8. b3 d5 9. cxd5 Ne4 10. Nxe4 Bxe4 11. dxc6 Nxc6 12. Be3 Qd5 13. Qd2 Rfd8 14. Rfd1 Qh5 15. Qe1 Rd5 16. Rac1 Rad8 17. h3 f5 18. Rc5 h6 19. Rxd5 Rxd5 20. Rd2 g5 21. Qc1 e6 22. Qc4 Kh7 23. b4 Qe8 24. a4 a6 25. Bxg5 b5 26. axb5 axb5 27. Qc3 Bxf3 28. Bxf3 Nxd4 0-1

[Event "POL-chT 2nd League"]
[Site "Jastrzebia Gora"]
[Date "2022.09.03"]
[Round "1.125"]
[White "Kalkowski, Igor"]
[Black "Adaszewski, Pawel"]
[Result "0-1"]
[WhiteElo "1893"]
[BlackElo "1679"]
[PlyCount "73"]
[EventDate "2022.09.03"]
[EventType "team-swiss"]
[EventRounds "9"]
[EventCountry "POL"]
[SourceTitle "CBM 210 Extra"]
[Source "ChessBase"]
[SourceDate "2022.11.30"]
[SourceVersion "1"]
[SourceVersionDate "2022.11.30"]
[SourceQuality "1"]
[WhiteTeam "Gornik Ledziny"]
[BlackTeam "Bogatynia UKS SP3"]
[WhiteTeamCountry "POL"]
[BlackTeamCountry "POL"]

1. e4 d6 2. Nc3 g6 3. d4 Bg7 4. Nge2 a6 5. h3 b5 6. g4 Nf6 7. Bg2 Bb7 8. 0-0 b4 9. Nd5 Nxd5 10. exd5 c6 11. Nf4 0-0 12. Re1 a5 13. Qe2 Re8 14. dxc6 Bxc6 15. d5 Bb7 16. a3 Ba6 17. Qe4 Nd7 18. axb4 axb4 19. Qxb4 Nc5 20. Ra2 Qd7 21. b3 Bb7 22. Rxa8 Rxa8 23. Be3 Rc8 24. Bxc5 dxc5 25. Qc4 Qd6 26. Qe4 Kf8 27. c4 e6 28. Qf3 Kg8 29. g5 Rd8 30. Qg4 e5 31. Nd3 Bc8 32. Qe2 Re8 33. Qe3 Bf8 34. f4 e4 35. Bxe4 Qb6 36. Nf2 Bg7 37. Qd3 0-1

[Event "POL-ch U18"]
[Site "Sypniewo"]
[Date "2022.03.27"]
[Round "9"]
[White "Kalkowski, Igor"]
[Black "Kietrys, Maciej"]
[Result "1/2-1/2"]
[WhiteElo "1934"]
[BlackElo "1882"]
[PlyCount "105"]
[EventDate "2022.03.19"]
[EventType "swiss"]
[EventRounds "9"]
[EventCountry "POL"]
[SourceTitle "CBM 207 Extra"]
[Source "ChessBase"]
[SourceDate "2022.05.31"]
[SourceVersion "1"]
[SourceVersionDate "2022.05.31"]
[SourceQuality "1"]

1. e4 e5 2. Nf3 Nc6 3. Bb5 Nf6 4. 0-0 Nxe4 5. Re1 Nd6 6. a4 Be7 7. Nc3 a6 8. Bf1 e4 9. Nxe4 Nxe4 10. Rxe4 d5 11. Re1 0-0 12. d4 Bg4 13. c3 Qd7 14. h3 Bf5 15. b4 Bd6 16. g4 Bg6 17. Ne5 Bxe5 18. dxe5 Rad8 19. b5 axb5 20. axb5 Ne7 21. Qd4 Rfe8 22. f4 Be4 23. f5 c6 24. Bg5 cxb5 25. Qc5 Rc8 26. Qd6 Qc7 27. Qxc7 Rxc7 28. Bxb5 Rec8 29. Rad1 h6 30. Bxe7 Rxe7 31. c4 Rxe5 32. Rd4 Rc5 33. cxd5 Rxb5 34. d6 Bc6 35. Rxe5 Rxe5 36. d7 Bxd7 37. Rxd7 Rb5 38. Rd8+ Kh7 39. Rd7 f6 40. Kg2 Rb3 41. Rd8 b5 42. Rb8 b4 43. h4 Rb2+ 44. Kg3 b3 45. h5 Rb1 46. Kg2 b2 47. Kh2 Ra1 48. Rxb2 Ra3 49. Rb8 Rc3 50. Ra8 Rb3 51. Kg2 Rc3 52. Kf2 Rb3 53. Kg2 1/2-1/2

[Event "Krakow op-B 32nd"]
[Site "Krakow"]
[Date "2021.12.31"]
[Round "5"]
[White "Gorkiewicz, Mateusz"]
[Black "Kalkowski, Igor"]
[Result "1-0"]
[WhiteElo "2028"]
[BlackElo "1893"]
[PlyCount "89"]
[EventDate "2021.12.27"]
[EventType "swiss"]
[EventRounds "9"]
[EventCountry "POL"]
[SourceTitle "EXT 2023"]
[Source "ChessBase"]
[SourceDate "2022.10.05"]
[SourceVersion "1"]
[SourceVersionDate "2022.10.05"]
[SourceQuality "1"]

1. e4 c5 2. Nf3 Nc6 3. d4 cxd4 4. Nxd4 Nf6 5. Nc3 d6 6. Bg5 g6 7. Bb5 Bd7 8. Bxf6 exf6 9. Nde2 a6 10. Ba4 f5 11. exf5 Qg5 12. fxg6 hxg6 13. Qd5 Qe5 14. 0-0-0 0-0-0 15. Bb3 Na5 16. Ba4 Bh6+ 17. Kb1 Be6 18. Qxe5 dxe5 19. Ne4 Kc7 20. Nc5 Bd5 21. f3 Be3 22. Nd3 b5 23. Bb3 Nxb3 24. axb3 e4 25. Nc3 exf3 26. Nxd5+ Rxd5 27. gxf3 Kb6 28. Rde1 Bg5 29. Re2 Rh3 30. f4 Bf6 31. Ne5 Bxe5 32. fxe5 Kc7 33. Rf1 Rd7 34. Rf6 Re7 35. Rxa6 Kb7 36. Rd6 Rh5 37. Rd5 Kc6 38. c4 bxc4 39. bxc4 f5 40. Kc2 Rh4 41. Kc3 Rh3+ 42. Rd3 Rxd3+ 43. Kxd3 g5 44. b4 Ra7 45. e6 1-0

[Event "POL-ch U17 Qual"]
[Site "Jastrzebia Gora"]
[Date "2021.11.20"]
[Round "8"]
[White "Jozefik, Aleksander"]
[Black "Kalkowski, Igor"]
[Result "1/2-1/2"]
[WhiteElo "1601"]
[BlackElo "1839"]
[PlyCount "88"]
[EventDate "2021.11.15"]
[EventType "swiss"]
[EventRounds "9"]
[EventCountry "POL"]
[SourceTitle "EXT 2023"]
[Source "ChessBase"]
[SourceDate "2022.10.05"]
[SourceVersion "1"]
[SourceVersionDate "2022.10.05"]
[SourceQuality "1"]

1. e4 e5 2. Nf3 Nc6 3. Bb5 a6 4. Bxc6 dxc6 5. 0-0 Qf6 6. d4 exd4 7. Qxd4 Qxd4 8. Nxd4 Bd7 9. Be3 0-0-0 10. Nd2 Re8 11. Rfd1 Ne7 12. f3 b6 13. a4 c5 14. N4b3 a5 15. Nc4 Ng6 16. Bf2 h5 17. Nbd2 Nf4 18. Ne3 h4 19. Ndc4 h3 20. g3 Ne2+ 21. Kf1 Nd4 22. Nd5 Nxf3 23. Ndxb6+ cxb6 24. Nxb6+ Kc7 25. Nxd7 Nxh2+ 26. Kg1 Nf3+ 27. Kh1 Rxe4 28. Nxf8 Rxf8 29. Bxc5 Re2 30. Bg1 h2 31. Bc5 Rfe8 32. Rf1 Ng5 33. Ra3 Rxc2 34. Rc3 Rxc3 35. bxc3 Re2 36. Bd4 f6 37. Rf2 Rxf2 38. Bxf2 Nf3 39. Be3 Kc6 40. Kg2 g5 41. Kh1 Ne5 42. Bd4 Kd5 43. Bb6 Kc4 44. Bxa5 Nc6 1/2-1/2

[Event "POL-ch U17 Qual"]
[Site "Jastrzebia Gora"]
[Date "2021.11.18"]
[Round "5"]
[White "Kalkowski, Igor"]
[Black "Celebias, Filip"]
[Result "1/2-1/2"]
[WhiteElo "1839"]
[BlackElo "1534"]
[PlyCount "43"]
[EventDate "2021.11.15"]
[EventType "swiss"]
[EventRounds "9"]
[EventCountry "POL"]
[SourceTitle "EXT 2023"]
[Source "ChessBase"]
[SourceDate "2022.10.05"]
[SourceVersion "1"]
[SourceVersionDate "2022.10.05"]
[SourceQuality "1"]

1. e4 c5 2. Nf3 e6 3. d4 cxd4 4. Nxd4 Nc6 5. Nc3 Nf6 6. Be2 d5 7. exd5 Nxd5 8. Nxd5 Qxd5 9. Nb5 Qe5 10. g3 Qb8 11. Bg5 h6 12. Be3 Be7 13. Qd2 a6 14. Nd4 Nxd4 15. Qxd4 e5 16. Qb6 Bd8 17. Qb4 Be7 18. Qb6 Bd8 19. Qb4 Be7 20. Qb6 Bd8 21. Qb4 Be7 22. Qb6 1/2-1/2

[Event "Polanica Zdroj op-D 56th"]
[Site "Polanica Zdroj"]
[Date "2020.08.22"]
[Round "8"]
[White "Kalkowski, Igor"]
[Black "Pyka, Roman"]
[Result "1-0"]
[WhiteElo "1747"]
[BlackElo "1873"]
[PlyCount "41"]
[EventDate "2020.08.15"]
[EventType "swiss"]
[EventRounds "9"]
[EventCountry "POL"]
[SourceTitle "CBM 198 Extra"]
[Source "ChessBase"]
[SourceDate "2020.11.30"]
[SourceVersion "1"]
[SourceVersionDate "2020.11.30"]
[SourceQuality "1"]

1. e4 d5 2. Nc3 e6 3. d4 dxe4 4. Nxe4 Bd7 5. Nf3 Bc6 6. Bd3 Nd7 7. 0-0 Ngf6 8. Ng3 Be7 9. Re1 0-0 10. c4 b6 11. Bd2 Bb7 12. Bc3 c5 13. d5 exd5 14. Nf5 Re8 15. cxd5 Bxd5 16. Nxg7 Kxg7 17. Nh4 Be6 18. Qh5 Nf8 19. Qg5+ Kh8 20. Nf5 Bxf5 21. Rxe7 1-0

[Event "Polanica Zdroj op-D 56th"]
[Site "Polanica Zdroj"]
[Date "2020.08.21"]
[Round "7"]
[White "Lukasiewicz, Aleksander"]
[Black "Kalkowski, Igor"]
[Result "1/2-1/2"]
[WhiteElo "1960"]
[BlackElo "1747"]
[PlyCount "87"]
[EventDate "2020.08.15"]
[EventType "swiss"]
[EventRounds "9"]
[EventCountry "POL"]
[SourceTitle "CBM 198 Extra"]
[Source "ChessBase"]
[SourceDate "2020.11.30"]
[SourceVersion "1"]
[SourceVersionDate "2020.11.30"]
[SourceQuality "1"]

1. e4 c5 2. Nf3 e6 3. d4 cxd4 4. Nxd4 Nc6 5. Nc3 Qc7 6. Nxc6 bxc6 7. Bd3 Nf6 8. 0-0 Be7 9. Qe2 d5 10. b3 0-0 11. Bb2 Re8 12. Na4 Bb7 13. c4 dxe4 14. Bxe4 Nxe4 15. Qxe4 Bd6 16. h3 c5 17. Qg4 f5 18. Qe2 Bf4 19. Rad1 Qc6 20. f3 Qc7 21. Rfe1 e5 22. Nc3 Bg3 23. Nb5 Qe7 24. Nd6 Bxe1 25. Nxe8 Rxe8 26. Rxe1 e4 27. fxe4 Bxe4 28. Qe3 Qh4 29. Rf1 Rd8 30. Ba3 h6 31. Bxc5 Rd3 32. Qf4 Qf6 33. Bxa7 Qg6 34. Rf2 Rxh3 35. Bb8 Rd3 36. Rd2 Qb6+ 37. Rf2 g5 38. Bc7 Qg6 39. Qe5 Qh5 40. Qe6+ Kh7 41. Qe7+ Kg8 42. Qe6+ Kh7 43. Qe7+ Kg8 44. Qe6+ 1/2-1/2

[Event "POL-ch U16"]
[Site "Szklarska Poreba"]
[Date "2020.03.12"]
[Round "6"]
[White "Dziendziel, Mateusz"]
[Black "Kalkowski, Igor"]
[Result "1-0"]
[WhiteElo "1700"]
[BlackElo "1862"]
[PlyCount "51"]
[EventDate "2020.03.07"]
[EventType "swiss"]
[EventRounds "8"]
[EventCountry "POL"]
[SourceTitle "CBM 195 Extra"]
[Source "ChessBase"]
[SourceDate "2020.05.31"]
[SourceVersion "1"]
[SourceVersionDate "2020.05.31"]
[SourceQuality "1"]

1. e4 c5 2. Nf3 e6 3. d4 cxd4 4. Nxd4 Nc6 5. Nc3 Qc7 6. Be3 Nf6 7. Be2 a6 8. 0-0 Bb4 9. Na4 0-0 10. c4 Nxe4 11. Nxc6 bxc6 12. Qd4 f5 13. c5 Qb7 14. f3 Nf6 15. Nb6 Nd5 16. Nxa8 Qxa8 17. a3 Ba5 18. Bc4 Nxe3 19. Qxe3 f4 20. Qd4 Qb8 21. Kh1 Bd8 22. Rab1 Qa7 23. Rfd1 Rf5 24. Bxe6+ dxe6 25. Qxd8+ Rf8 26. Qd6 1-0

[Event "POL-ch U16"]
[Site "Szklarska Poreba"]
[Date "2020.03.11"]
[Round "5"]
[White "Budzisz, Adrian"]
[Black "Kalkowski, Igor"]
[Result "1-0"]
[WhiteElo "1812"]
[BlackElo "1862"]
[PlyCount "123"]
[EventDate "2020.03.07"]
[EventType "swiss"]
[EventRounds "8"]
[EventCountry "POL"]
[SourceTitle "CBM 195 Extra"]
[Source "ChessBase"]
[SourceDate "2020.05.31"]
[SourceVersion "1"]
[SourceVersionDate "2020.05.31"]
[SourceQuality "1"]

1. e4 c5 2. Nf3 e6 3. g3 d5 4. exd5 exd5 5. d4 Nf6 6. Bg2 h6 7. 0-0 Be6 8. dxc5 Bxc5 9. a3 a5 10. Nc3 Nc6 11. Bf4 0-0 12. Qd3 d4 13. Nb5 Nd5 14. Bc1 Qf6 15. Nd2 Ne5 16. Qe4 Ne3 17. fxe3 dxe3 18. Kh1 Ng4 19. Rxf6 gxf6 20. Qf3 Nf2+ 21. Qxf2 exf2 22. Ne4 Bb6 23. Bxh6 Rfd8 24. Bf4 Kg7 25. Ned6 Bg4 26. c4 Re8 27. Nxe8+ Rxe8 28. Bd2 Rd8 29. Bc3 Be3 30. h3 Be2 31. Bf1 Bf3+ 32. Kh2 b6 33. b4 a4 34. Nc7 Rc8 35. Na6 Bb7 36. b5 Bf3 37. Nb4 Kg6 38. Nc6 Bxc6 39. bxc6 Rxc6 40. Rb1 Bc5 41. Bb4 Bd4 42. Kg2 Re6 43. Rd1 Be3 44. Kf3 Bc5 45. Bxc5 Re1 46. Rd2 bxc5 47. Kxf2 Rc1 48. Bd3+ Kh6 49. Rc2 Rb1 50. Rc3 Rb2+ 51. Bc2 Kg5 52. Kf3 f5 53. Bxa4 Kf6 54. Re3 Rd2 55. Bc6 Rh2 56. h4 Ra2 57. a4 Rc2 58. Bb5 Rc1 59. a5 Ra1 60. a6 Ra2 61. Rd3 Ke5 62. Rd5+ 1-0

[Event "POL-ch U16"]
[Site "Szklarska Poreba"]
[Date "2020.03.10"]
[Round "4"]
[White "Kalkowski, Igor"]
[Black "Kossowski, Pawel"]
[Result "0-1"]
[WhiteElo "1862"]
[BlackElo "1717"]
[PlyCount "100"]
[EventDate "2020.03.07"]
[EventType "swiss"]
[EventRounds "8"]
[EventCountry "POL"]
[SourceTitle "CBM 195 Extra"]
[Source "ChessBase"]
[SourceDate "2020.05.31"]
[SourceVersion "1"]
[SourceVersionDate "2020.05.31"]
[SourceQuality "1"]

1. e4 e5 2. Nf3 Nc6 3. Bc4 Bc5 4. c3 Nf6 5. d4 exd4 6. cxd4 Bb4+ 7. Nbd2 Nxe4 8. d5 Ne7 9. 0-0 Nxd2 10. Bxd2 Bxd2 11. d6 cxd6 12. Qxd2 0-0 13. Qxd6 Nf5 14. Qf4 d5 15. Rad1 Ne7 16. h4 Be6 17. h5 h6 18. Nd4 Nc6 19. Bd3 Nxd4 20. Qxd4 Qg5 21. Be2 Rfc8 22. f4 Qe7 23. f5 Bxf5 24. Rxf5 Qxe2 25. Rdf1 Rf8 26. Qxd5 Qe7 27. Qc4 Rac8 28. Qb3 b6 29. Qf3 Rc2 30. Qb3 Rc5 31. Qa3 Rc7 32. Qg3 Rc6 33. Qd3 Re6 34. Qc4 Re5 35. Rxe5 Qxe5 36. Qg4 Qxb2 37. a4 b5 38. axb5 Qxb5 39. Rc1 Qb7 40. Qf4 a5 41. Qe5 a4 42. Rc4 a3 43. Rg4 f6 44. Qd6 Qa7+ 45. Kh2 a2 46. Qd5+ Kh8 47. Qd6 Rg8 48. Rxg7 Qxg7 49. g4 a1Q 50. g5 Qe5+ 0-1

[Event "POL-ch U16"]
[Site "Szklarska Poreba"]
[Date "2020.03.09"]
[Round "3"]
[White "Bachor, Tomasz"]
[Black "Kalkowski, Igor"]
[Result "1-0"]
[WhiteElo "2105"]
[BlackElo "1862"]
[PlyCount "147"]
[EventDate "2020.03.07"]
[EventType "swiss"]
[EventRounds "8"]
[EventCountry "POL"]
[SourceTitle "CBM 195 Extra"]
[Source "ChessBase"]
[SourceDate "2020.05.31"]
[SourceVersion "1"]
[SourceVersionDate "2020.05.31"]
[SourceQuality "1"]

1. d4 d5 2. c4 dxc4 3. Nf3 Nf6 4. e3 a6 5. Bxc4 e6 6. 0-0 b5 7. Be2 Bb7 8. b3 Nbd7 9. Nbd2 c5 10. Bb2 Be7 11. Rc1 Qb6 12. dxc5 Bxc5 13. Nd4 0-0 14. Bf3 Nd5 15. Ne4 Be7 16. Nc3 N7f6 17. Nxd5 Nxd5 18. Bxd5 Bxd5 19. Nf5 exf5 20. Qxd5 Qe6 21. Qxe6 fxe6 22. Rc6 Bf6 23. Bxf6 Rxf6 24. f4 Kf7 25. Rd1 e5 26. Rc7+ Kg6 27. Rdd7 Rg8 28. fxe5 Re6 29. Rc5 Rge8 30. Rdd5 R8e7 31. Kf2 Kh5 32. Kf3 g5 33. g3 Kg6 34. e4 h5 35. Ke3 g4 36. Kf4 fxe4 37. Kxe4 Re8 38. Kd4 Kf5 39. Rd6 Rxe5 40. Rxe5+ Rxe5 41. Rd5 Rxd5+ 42. Kxd5 b4 43. Kd4 Kf6 44. Kc4 Ke5 45. Kxb4 Ke4 46. Ka5 Kf3 47. Kxa6 Kg2 48. b4 Kxh2 49. b5 h4 50. b6 Kxg3 51. b7 Kh2 52. b8Q+ g3 53. a4 h3 54. a5 Kg2 55. Qb2+ Kg1 56. Qc1+ Kg2 57. Qd2+ Kg1 58. Qe3+ Kg2 59. Qe2+ Kh1 60. Qf3+ Kh2 61. Qf4 Kg2 62. Kb5 h2 63. Qe4+ Kg1 64. a6 h1Q 65. Qxh1+ Kxh1 66. a7 g2 67. a8Q Kh2 68. Qh8+ Kg3 69. Qg7+ Kh2 70. Qh6+ Kg3 71. Qg5+ Kf2 72. Qf4+ Ke1 73. Qg3+ Kf1 74. Qf3+ 1-0

[Event "POL-ch U16"]
[Site "Szklarska Poreba"]
[Date "2020.03.08"]
[Round "2"]
[White "Kalkowski, Igor"]
[Black "Werner, Kacper"]
[Result "1-0"]
[WhiteElo "1862"]
[BlackElo "1591"]
[PlyCount "103"]
[EventDate "2020.03.07"]
[EventType "swiss"]
[EventRounds "8"]
[EventCountry "POL"]
[SourceTitle "CBM 195 Extra"]
[Source "ChessBase"]
[SourceDate "2020.05.31"]
[SourceVersion "1"]
[SourceVersionDate "2020.05.31"]
[SourceQuality "1"]

1. e4 c5 2. Nf3 d6 3. d4 cxd4 4. Nxd4 Nf6 5. Nc3 a6 6. h3 e6 7. g4 b5 8. Bg2 Bb7 9. 0-0 Qc7 10. Re1 Be7 11. g5 Nfd7 12. Nd5 exd5 13. exd5 Ne5 14. Nf5 0-0 15. Nxe7+ Qxe7 16. f4 f6 17. fxe5 fxe5 18. Be3 Nd7 19. Qg4 Rf7 20. Be4 g6 21. Rf1 Raf8 22. Rxf7 Qxf7 23. Qg2 Kg7 24. a4 bxa4 25. Rxa4 Rc8 26. b3 Nc5 27. Bxc5 Rxc5 28. c4 Qf4 29. Ra1 Rc7 30. Rf1 Qe3+ 31. Kh2 Rf7 32. Rxf7+ Kxf7 33. Qf3+ Qxf3 34. Bxf3 a5 35. Bg4 Ke7 36. Kg3 Kd8 37. Bf3 Bc8 38. Be4 Ke7 39. h4 Kf7 40. Bd3 Bd7 41. Bc2 Be8 42. h5 Ke7 43. h6 Kd7 44. Kf3 Kc7 45. Ke3 Kd7 46. Kd2 Ke7 47. Kc3 Kf7 48. c5 dxc5 49. Kc4 Ke7 50. Kxc5 Bf7 51. Kc6 Be8+ 52. Kc7 1-0

[Event "Krakow op-B 30th"]
[Site "Krakow"]
[Date "2019.12.30"]
[Round "5"]
[White "Janus, Przemyslaw"]
[Black "Kalkowski, Igor"]
[Result "1-0"]
[WhiteElo "2065"]
[BlackElo "1945"]
[PlyCount "95"]
[EventDate "2019.12.27"]
[EventType "swiss"]
[EventRounds "9"]
[EventCountry "POL"]
[SourceTitle "CBM 195 Extra"]
[Source "ChessBase"]
[SourceDate "2020.05.31"]
[SourceVersion "1"]
[SourceVersionDate "2020.05.31"]
[SourceQuality "1"]

1. d4 Nf6 2. c4 e6 3. Nc3 Bb4 4. e3 b6 5. Nge2 Ba6 6. a3 Bxc3+ 7. Nxc3 d5 8. cxd5 Bxf1 9. Kxf1 Nxd5 10. Bd2 0-0 11. Rc1 Nd7 12. b4 Nxc3 13. Bxc3 a6 14. d5 exd5 15. Qxd5 c5 16. Ke2 cxb4 17. Bxb4 Re8 18. Rhd1 Ne5 19. Qxd8 Rexd8 20. Bd6 Ng6 21. Bc7 Rxd1 22. Rxd1 b5 23. Ba5 Ne5 24. Bb4 h6 25. Rd5 Nc4 26. Kd3 Rc8 27. Kd4 Nb6 28. Rd6 a5 29. Bxa5 Nc4 30. Rd8+ Rxd8+ 31. Bxd8 Nxa3 32. Kc5 Kh7 33. Ba5 Kg6 34. Bb4 Nc4 35. Kxb5 Ne5 36. f3 h5 37. Bc3 Nd7 38. Kc6 Nf8 39. Kd5 Ne6 40. Bd4 h4 41. h3 Kf5 42. Be5 g5 43. Bh2 Nf8 44. e4+ Kf6 45. f4 Ne6 46. f5 Nf8 47. Be5+ Ke7 48. Bd6+ 1-0

[Event "POL-ch U20"]
[Site "Ustron"]
[Date "2019.11.30"]
[Round "9"]
[White "Kalkowski, Igor"]
[Black "Fiedorek, Michal"]
[Result "1/2-1/2"]
[WhiteElo "1965"]
[BlackElo "2333"]
[PlyCount "65"]
[EventDate "2019.11.23"]
[EventType "swiss"]
[EventRounds "9"]
[EventCountry "POL"]
[SourceTitle "CBM 193 Extra"]
[Source "ChessBase"]
[SourceDate "2020.01.31"]
[SourceVersion "1"]
[SourceVersionDate "2020.01.31"]
[SourceQuality "1"]

1. e4 c5 2. d4 cxd4 3. c3 Nf6 4. e5 Nd5 5. Qxd4 e6 6. Nf3 Nc6 7. Qe4 f5 8. Qe2 Be7 9. g3 0-0 10. Bg2 d6 11. exd6 Qxd6 12. 0-0 Bf6 13. c4 Nde7 14. Rd1 Qc7 15. Na3 Ng6 16. Be3 Be7 17. Nb5 Qb8 18. Nbd4 e5 19. Nxc6 bxc6 20. Bg5 Bc5 21. b4 Bd6 22. c5 Bc7 23. Qc4+ Kh8 24. Nh4 Nxh4 25. Bxh4 e4 26. Be7 Rg8 27. a4 a6 28. f4 Qb7 29. Bd6 Bd8 30. Be5 Qe7 31. Qd4 Be6 32. Bf1 Qb7 33. Bc4 1/2-1/2

[Event "POL-ch U20"]
[Site "Ustron"]
[Date "2019.11.29"]
[Round "8"]
[White "Syrkiewicz, Michal"]
[Black "Kalkowski, Igor"]
[Result "1/2-1/2"]
[WhiteElo "1928"]
[BlackElo "1965"]
[PlyCount "134"]
[EventDate "2019.11.23"]
[EventType "swiss"]
[EventRounds "9"]
[EventCountry "POL"]
[SourceTitle "CBM 193 Extra"]
[Source "ChessBase"]
[SourceDate "2020.01.31"]
[SourceVersion "1"]
[SourceVersionDate "2020.01.31"]
[SourceQuality "1"]

1. e4 e6 2. d4 c5 3. d5 exd5 4. exd5 d6 5. Nc3 Nf6 6. Bd3 Be7 7. Nge2 0-0 8. 0-0 a6 9. a4 Re8 10. Ng3 Nbd7 11. f4 Qc7 12. b3 Nf8 13. Bd2 Ng6 14. Qf3 Nh4 15. Qd1 c4 16. Bxc4 Qb6+ 17. Kh1 Ng4 18. Qe1 Bd7 19. h3 Bf6 20. Nge4 Bxc3 21. Bxc3 Nf5 22. a5 Qa7 23. hxg4 Rxe4 24. gxf5 Rxe1 25. Raxe1 Bxf5 26. Bb4 b5 27. axb6 Qxb6 28. Ba3 Bxc2 29. Re2 Bxb3 30. Rb2 Bxc4 31. Rxb6 Bxf1 32. Rxd6 f6 33. Rd7 Bb5 34. Rc7 Rd8 35. d6 Rd7 36. Rxd7 Bxd7 37. Kg1 Kf7 38. Kf2 Ke6 39. g4 g6 40. g5 Bc6 41. Ke2 fxg5 42. fxg5 Kf5 43. Bc1 a5 44. Kd3 a4 45. Kc4 Ke6 46. Bf4 Kf5 47. Bc1 Ke5 48. Ba3 Bd7 49. Kc3 Be6 50. Kb4 Bd7 51. Kc3 Kd5 52. Bb4 Ke6 53. Ba3 Ke5 54. Kc4 Ke6 55. Kc3 Bc6 56. Kc4 Kf5 57. Bc1 Bd7 58. Kc3 Be8 59. Kc4 Ke5 60. Ba3 Ke6 61. Kc3 Bb5 62. Kb4 Bc6 63. Kc4 Kd7 64. Kc5 Be4 65. Kb4 Kxd6 66. Kxa4+ Ke6 67. Bc1 Kf5 1/2-1/2

[Event "POL-ch U20"]
[Site "Ustron"]
[Date "2019.11.26"]
[Round "5"]
[White "Kalkowski, Igor"]
[Black "Turski, Bartlomiej"]
[Result "1-0"]
[WhiteElo "1965"]
[BlackElo "1993"]
[PlyCount "97"]
[EventDate "2019.11.23"]
[EventType "swiss"]
[EventRounds "9"]
[EventCountry "POL"]
[SourceTitle "CBM 193 Extra"]
[Source "ChessBase"]
[SourceDate "2020.01.31"]
[SourceVersion "1"]
[SourceVersionDate "2020.01.31"]
[SourceQuality "1"]

1. g3 g6 2. Bg2 Bg7 3. e4 c5 4. Nf3 Nc6 5. 0-0 e6 6. d3 Nge7 7. Nbd2 0-0 8. Re1 d6 9. c3 f5 10. exf5 Nxf5 11. Ne4 h6 12. a4 b6 13. h4 d5 14. Ned2 Qf6 15. Nf1 Bd7 16. N1h2 e5 17. Ng4 Qd6 18. Nfxe5 Nxe5 19. Bf4 Rae8 20. d4 cxd4 21. cxd4 Nxd4 22. Nxe5 Rxe5 23. Rxe5 Bxe5 24. Qxd4 Rxf4 25. Qxd5+ Rf7 26. Qxd6 Bxd6 27. Bd5 Kf8 28. Bxf7 Kxf7 29. a5 Be5 30. Re1 Bxb2 31. axb6 axb6 32. Rb1 Bd4 33. Rd1 Bxf2+ 34. Kxf2 Ke7 35. Ke3 b5 36. Kf4 Ke6 37. g4 Bc6 38. Rd8 Bd5 39. Rh8 h5 40. gxh5 gxh5 41. Rxh5 b4 42. Rh6+ Kd7 43. Ke5 Bf7 44. Rb6 b3 45. Rb7+ Ke8 46. Kf6 Bd5 47. Rb5 Bc4 48. Rb4 Bd5 49. h5 1-0